Toutes les entités de Roblox Doors.(l'hotel the content update) - Statistiques

Statistiques générales
  • Ce quiz a été pris 50 fois
  • Le résultat moyen est 11 sur 21
Statistiques - réponses
Comportement Entités % Correct
Il te chasse. Seek
90%
Il ne voit pas mais il entends les bruits. Figure
79%
Les lumières clignote quand il apparaît. Rush
79%
Si tu le regarde il te fera des dégât. Eyes
76%
Il fait des allers-retours. Ambush
72%
Il dit psst quand il apparaît. Screech
72%
Il vent des articles. Jeff
66%
Il est rare.Il peut apparaître dans les armoires et les salles. Jack
62%
Il est un squelette. Bob
55%
Il se cache derrière les fausse porte. Dupe
55%
Il apparaît quand tu reste longtemps dans une armoire. Hide
55%
Il te fait téléporter à l'autre joueur si il est trop loin de toi. Void
48%
Il est toujours avec Jeff et Bob El Goblino
45%
Elle peut apparaître dans les étagères Timothy
45%
Elle te prend se que tu as dans ta main. Sally
41%
Elle t'indique ou sont les clés,les portes,les batteries... Guiding light
38%
Il apparaît dans la salle que tu ouvre et disparaît dès que tu le vois. Shadow
31%
Il apparaît que si tu n’arrête pas de bouger dans une salle avec une horloge blanche ronde. Dread
28%
Il apparait au sol te pique quand tu marche dessus.Il se trouve dans THE GREEN HOUSE. Snare
28%
Il apparaît en dehors de l'hotel. Window
28%
Il apparait à la salle à manger. Halt
24%
Aucun quiz correspondant
Distribution des résultats
% des personnes avec chaque résultat
Percentile par nombre de réponses
Votre historique - résultats
Vous n’avez pas pris ce quiz